00447nam a2200157Ia 450000100060000000800410000602000150004704000130006208200190007510000190009424501000011326000520021330000110026554600070027665000060028340265140423s9999 xx 000 0 und d a0374173214 cPK-LaUMT a 954.05bMIS-T aMishra, Pankaj aTemptations of the westbhow to be modern in India, Pakistan, Tibet, and beyondcMishra, Pankaj aNew York,Usa:bFarrar, Straus and Giroux,c2006 a323 p. aEN a.